000 01066cam a2200337 a 4500
001 58619
003 CO-BoRNBP
005 20250827151152.0
007 ta
008 990524r20001997mx a jr 00011dspa d
020 _a9681654595
040 _ala
_cla
041 1 _aspa
_hger
043 _ae-sz---
082 0 4 _aI833.8
_bH17e1
_219 ed.
100 1 _aHasler, Eveline,
_d1933-
_963681
245 1 3 _aLa escuela vuela /
_cEverline Hasler ; ilustraciones de Juan Gedovius ; traducción de Ana Garralón.
250 _a1a. edición
300 _a38 p. :
_bil. ;
_c20 cm.
336 _2rdacontent
_atexto
_btxt
337 _2rdamedia
_asin mediación
_bn
338 _2rdacarrier
_avolumen
_bnc
534 _tDie schule fliegt ins pfefferland.
650 7 _aCuentos infantiles suizos.
_2BLAAUTO
_931375
650 7 _aCuentos de hadas infantiles.
_2BLAAUTO
_935237
700 1 _aGarralón, Ana,
_d1965-
_etr.
_963682
700 1 _aGedovius, Juan,
_d1973-
_eil.
_963683
830 0 _aEmbajada de México-Colección 1.
942 _2ddc
_cBK
949 _an
_bn
999 _c58619
_d58619